000 01177nam a22003377a 4500
003 CHAP
005 20220329134831.0
008 971013s1978 r 00010 d
010 _a26674
011 _a27646
035 _a31747
040 _cCHAP
090 _aTesis
100 0 0 _aIzquierdo Torres, Armando.
_960759
245 _aEstudio preliminar para la obtención de altos rendimientos en maíz (Zea mays L.) en condiciones de suelo calcáreo en Apodaca, N.L.
260 _a(Monterrey, N.L.) :
_bEl autor,
_c1978
300 _a51 h
502 _aTesis (Ing. Agrónomo en Producción) -- ITESM. Div. de Ciencias Agropecuarias y Marítimas
590 _aALEPH
_b10
_c20130110
_lUCH01
_h1249
590 _aBATCH-UPD
_b10
_c20130110
_lUCH01
_h0304
590 _aBATCH-UPD
_b10
_c20130110
_lUCH01
_h1915
590 _aBATCH-UPD
_b10
_c20130409
_lUCH01
_h2335
590 _aBATCH-UPD
_b10
_c20130914
_lUCH01
_h1659
590 _aCONVERSION
_b10
_c20130109
_lUCH01
_h1315
650 1 4 _aMaíz
_xNuevo León.
_971029
650 1 4 _aMaíz
_xRendimiento.
_971051
650 1 4 _aSuelos calcáreos.
_9110539
901 _aBK
942 _cTESIS
949 _bBC
_cTES
_d-73435
_eTS1
_i31747
_si
999 _c26674
_d26674